000
00308nam a2200109Ia 4500
008
171211s9999 xx 000 0 und d
245
2
_a
A Practical Approach to Pharmaceutical Policy
245
_c
Andreas Seiter
260
_c
2010
650
_x
FITNESS
856
_u
http://down.ebook777.com/063/0821383868.pdf
999
_c
349045
_d
349045